Catálogo - Centro de Recursos para el Aprendizaje y la Investigación

Volver al Sitio - CRAI Biblioteca

Estructura y atribuciones de los tribunales y salas constitucionales de Iberoamérica / (Registro nro. 113557)

Detalles MARC
000 -CABECERA
campo de control de longitud fija 01495nam a2200253 4500
001 - NÚMERO DE CONTROL
campo de control 113557
003 - IDENTIFICADOR DEL NÚMERO DE CONTROL
campo de control DR-UNIBE
005 - FECHA Y HORA DE LA ÚLTIMA TRANSACCIÓN
campo de control 20250506111042.0
008 - DATOS DE LONGITUD FIJA--INFORMACIÓN GENERAL
campo de control de longitud fija 250506b2009 mx ||||| |||| 00| 0 spa d
020 ## - NÚMERO INTERNACIONAL ESTÁNDAR DEL LIBRO
Número Internacional Estándar del Libro 9786074680294
040 ## - FUENTE DE LA CATALOGACIÓN
Centro catalogador/agencia de origen BIBLIOTECA UNIBE
Centro/agencia transcriptor BIBLIOTECA UNIBE
Lengua de catalogación spa
Normas de descripción rda
041 ## - CÓDIGO DE LENGUA
Código de lengua del texto/banda sonora o título independiente spa
082 ## - NÚMERO DE LA CLASIFICACIÓN DECIMAL DEWEY
Número de edición 22
Número de clasificación 342 C65e
111 10 - ENTRADA PRINCIPAL--NOMBRE DE CONGRESO/REUNIÓN
Nombre de congreso/reunión o jurisdicción como elemento de entrada Conferencia Iberoamericana de Justicia Constitucional
Sede del congreso/Lugar de la reunión Mérida, Yucatán, México
Fecha del congreso/reunión 2009
9 (RLIN) 194916
245 10 - MENCIÓN DE TÍTULO
Título Estructura y atribuciones de los tribunales y salas constitucionales de Iberoamérica /
Mención de responsabilidad, etc. VII Conferencia Iberoamericana de Justicia Constitucional, Mérida, Yucatán, México, 2009
260 ## - PUBLICACIÓN, DISTRIBUCIÓN, ETC.
Lugar de publicación, distribución, etc. Mérida, Yucatán :
Nombre del editor, distribuidor, etc. Suprema Corte de Justicia de México,
Fecha de publicación, distribución, etc. 2009
300 ## - DESCRIPCIÓN FÍSICA
Extensión xii, 1162 páginas :
Otras características físicas cuadros ;
Dimensiones 25 x 18 cm
505 ## - NOTA DE CONTENIDO CON FORMATO
Nota de contenido con formato Presentación |<br/>Andorra |<br/>Argentina |<br/>Bolivia |<br/>Brasil |<br/>Chile |<br/>Colombia |<br/>Costa Rica |<br/>El Salvador |<br/>España |<br/>Guatemala |<br/>Honduras |<br/>México |<br/>Nicaragua |<br/>Panamá |<br/>Paraguay |<br/>Perú |<br/>Portugal |<br/>Puerto Rico|<br/>República Bolivariana de Venezuela |<br/>República Dominicana |<br/>Uruguay <br/><br/>
650 #7 - PUNTO DE ACCESO ADICIONAL DE MATERIA--TÉRMINO DE MATERIA
Fuente del encabezamiento o término lemb
Término de materia o nombre geográfico como elemento de entrada Tribunales constitucionales
Subdivisión geográfica Iberoamerica
Subdivisión general Congresos, conferencias, etc
9 (RLIN) 194927
650 #7 - PUNTO DE ACCESO ADICIONAL DE MATERIA--TÉRMINO DE MATERIA
Fuente del encabezamiento o término lemb
Término de materia o nombre geográfico como elemento de entrada Salas constitucionales
Subdivisión geográfica Iberoamerica
Subdivisión general Congresos, conferencias, etc
9 (RLIN) 194928
650 ## - PUNTO DE ACCESO ADICIONAL DE MATERIA--TÉRMINO DE MATERIA
Fuente del encabezamiento o término lemb
Término de materia o nombre geográfico como elemento de entrada Derecho constitucional comparado
Subdivisión general Congresos, conferencias, etc
9 (RLIN) 194929
700 10 - PUNTO DE ACCESO ADICIONAL--NOMBRE DE PERSONA
Nombre de persona Aguirre Anguiano, Sergio Salvador,
Fechas asociadas al nombre 1943-
9 (RLIN) 194922
Término indicativo de función/relación presentador
942 ## - ELEMENTOS DE PUNTO DE ACCESO ADICIONAL (KOHA)
Fuente del sistema de clasificación o colocación Sistema de Clasificación Decimal Dewey
Tipo de ítem Koha Libro (general)
Existencias
Estado de retiro Estado de pérdida Fuente del sistema de clasificación o colocación No para préstamo Código de colección Localización permanente Fecha de adquisición Total de préstamos Signatura topográfica completa Código de barras Fecha visto por última vez Número de copia Precio válido a partir de Tipo de ítem Koha
  Disponible Sistema de Clasificación Decimal Dewey   General Biblioteca Central UNIBE 08/04/2025   342 C65e 250398 06/05/2025 Ej. 1 06/05/2025 Libro (general)